Impact of the Free Trade Agreement between the European Union and the Republic of Korea on Mutual Trade Relations

Vzájomné obchodné vzťahy medzi EÚ a Kórejskou republikou, ktoré sa v súčasnosti riadia dohodou o voľnom obchode, ktorú podpísalo dvadsaťsedem členských štátov EÚ a Kórejská republika 6. októbra 2010. Kórejské obchodné vzťahy s členskými štátmi EÚ sú asymetrické v prospech starých členských štátov EÚ...

Ausführliche Beschreibung

Gespeichert in:
Bibliographische Detailangaben
1. Verfasser: Grešš, Martin, 1978-
Format: Buchkapitel
Sprache:Englisch
Schlagworte:
Tags: Tag hinzufügen
Keine Tags, Fügen Sie das erste Tag hinzu!

MARC

LEADER 00000naa$a2200000$$$4500
001 0270683
005 20240502083815.4
041 0 |a eng 
044 |a CZ 
245 1 0 |a Impact of the Free Trade Agreement between the European Union and the Republic of Korea on Mutual Trade Relations 
520 |a Vzájomné obchodné vzťahy medzi EÚ a Kórejskou republikou, ktoré sa v súčasnosti riadia dohodou o voľnom obchode, ktorú podpísalo dvadsaťsedem členských štátov EÚ a Kórejská republika 6. októbra 2010. Kórejské obchodné vzťahy s členskými štátmi EÚ sú asymetrické v prospech starých členských štátov EÚ, pokiaľ ide o vývoz aj dovoz. Zmeny v štruktúre obchodu po podpísaní dohody o voľnom obchode. 
610 2 0 |a Kórea 
610 2 0 |a Európska únia 
610 2 0 |a dohody obchodné 
610 2 0 |a obchod medzinárodný 
610 2 0 |a obchod voľný 
100 1 |a Grešš, Martin, 1978-